zpět

Detail výsledku týmu

Bounty Rock Cafe, Olomouc

Datum a čas kvízu

26.5 Celkem bodů Celkový počet nahraných bodů na tomto kvízu bez doplňovacích otázek.
9. Pořadí na kvízu Konečné umístění týmu na tomto kvízu.

Zaznamenané odpovědi

# Otázka Odpověď Body Výsledky
1. Na sociálních sítích se minulý... v Pardubicích 0
2. Válkou postižené Ukrajině přic... Starlink 1
3. Jak zní název nového krimináln... Šéfka 1
4. V pondělí představila společno... příchuť vesmíru 0
5. Bývalá česká atletka by se s n... Denisa Helceletová (Rosolová) 0
6. Začneme z našeho pohledu nejzn... Bylo mu 38 let. (Uznáváme 36–40 let.) 0
7. Ve Spojených státech se událo... 1D 2C 3B 4A 1
8. Mehmet Ali Ağca [ádža] je ture... D 0
9. Napište jméno kladenského rodá... Antonín Čermák, Franklin D. Roosevelt 0.5
10. Poslední bod tohoto tématu roz... Bénazír Bhuttová, Pákistán 0